[Event "ODJM C 2023"]
[Site "Willingen GER"]
[Date "2023.05.28"]
[Round "1"]
[White "Kulgemeyer, Justus"]
[Black "Dotschuweit, Erik"]
[Result "0-1"]
[Termination "normal"]
[Board "1"]
[WhiteElo "1106"]
[BlackElo "1332"]
[WhiteClock "01:21:20"]
[BlackClock "00:56:40"]
[PlyCount "78"]
[WhiteFideId "34623671"]
[BlackFideId "34610146"]
[EventCountry "GER"]
[EventRounds "9"]
[EventType "swiss"]
[EventDate "2023.05.27"]

1. d4 {[%clk 01:30:57] [%emt 00:00:02]} 1... Nf6 {[%clk 01:29:45] [%emt
00:01:15]} 2. Nc3 {[%clk 01:31:08] [%emt 00:00:19]} 2... d5 {[%clk 01:29:51]
[%emt 00:00:25]} 3. Bf4 {[%clk 01:31:28] [%emt 00:00:09]} 3... Bf5 {[%clk
01:29:29] [%emt 00:00:52]} 4. Nb5 {[%clk 01:31:42] [%emt 00:00:17]} 4... Na6
{[%clk 01:25:35] [%emt 00:04:23]} 5. e3 {[%clk 01:31:52] [%emt 00:00:19]} 5...
e6 {[%clk 01:25:16] [%emt 00:00:50]} 6. f3 {[%clk 01:32:17] [%emt 00:00:05]}
6... Be7 {[%clk 01:23:53] [%emt 00:01:52]} 7. g4 {[%clk 01:32:39] [%emt
00:00:08]} 7... Bg6 {[%clk 01:21:13] [%emt 00:03:10]} 8. h4 {[%clk 01:32:56]
[%emt 00:00:13]} 8... h6 {[%clk 01:18:12] [%emt 00:03:32]} 9. Bd3 {[%clk
01:33:12] [%emt 00:00:13]} 9... Bxd3 {[%clk 01:16:04] [%emt 00:02:38]} 10. Qxd3
{[%clk 01:33:23] [%emt 00:00:19]} 10... Nd7 {[%clk 01:14:03] [%emt 00:02:31]}
11. Ne2 {[%clk 01:32:52] [%emt 00:01:01]} 11... Bxh4+ {[%clk 01:12:51] [%emt
00:01:42]} 12. Bg3 {[%clk 01:32:20] [%emt 00:01:02]} 12... Bxg3+ {[%clk
01:12:13] [%emt 00:01:08]} 13. Nxg3 {[%clk 01:32:35] [%emt 00:00:15]} 13... Nb6
{[%emt 00:00:53]} 14. O-O-O {[%clk 01:32:27] [%emt 00:00:01]} 14... c6 {[%clk
01:09:17] [%emt 00:03:40]} 15. Nc3 {[%clk 01:32:20] [%emt 00:00:37]} 15... Nb4
{[%clk 01:08:20] [%emt 00:01:28]} 16. Qe2 {[%clk 01:30:31] [%emt 00:02:19]}
16... Nc4 {[%clk 01:06:29] [%emt 00:02:21]} 17. e4 {[%clk 01:28:54] [%emt
00:02:07]} 17... Qb6 {[%clk 01:04:18] [%emt 00:02:40]} 18. b3 {[%clk 01:28:29]
[%emt 00:00:55]} 18... Na3 {[%clk 01:02:37] [%emt 00:02:12]} 19. Kb2 {[%clk
01:27:16] [%emt 00:01:43]} 19... Naxc2 {[%clk 01:01:28] [%emt 00:01:37]} 20.
Na4 {[%clk 01:24:26] [%emt 00:03:21]} 20... Qa5 {[%clk 00:58:52] [%emt
00:03:06]} 21. a3 {[%clk 01:23:18] [%emt 00:01:39]} 21... Nxa3 {[%clk 00:58:39]
[%emt 00:00:42]} 22. Kxa3 {[%clk 01:23:19] [%emt 00:00:29]} 22... b5 {[%clk
00:58:45] [%emt 00:00:24]} 23. Qd2 {[%clk 01:22:56] [%emt 00:00:52]} 23... bxa4
{[%clk 00:57:29] [%emt 00:01:48]} 24. Qxb4 {[%clk 01:22:39] [%emt 00:00:47]}
24... Qc7 {[%clk 00:56:29] [%emt 00:01:29]} 25. Ne2 {[%clk 01:22:14] [%emt
00:00:54]} 25... axb3 {[%clk 00:56:31] [%emt 00:00:29]} 26. Kxb3 {[%clk
01:22:24] [%emt 00:00:21]} 26... Rb8 {[%clk 00:56:41] [%emt 00:00:19]} 27.
Qxb8+ {[%clk 01:20:38] [%emt 00:02:16]} 27... Qxb8+ {[%clk 00:56:31] [%emt
00:00:40]} 28. Kc3 {[%clk 01:20:11] [%emt 00:00:58]} 28... O-O {[%clk 00:56:46]
[%emt 00:00:15]} 29. Rh3 {[%clk 01:20:02] [%emt 00:00:39]} 29... Qb5 {[%clk
00:56:55] [%emt 00:00:21]} 30. Kd2 {[%clk 01:20:11] [%emt 00:00:21]} 30... Qb2+
{[%clk 00:57:02] [%emt 00:00:23]} 31. Ke3 {[%clk 01:20:29] [%emt 00:00:11]}
31... Rb8 {[%emt 00:00:36]} 32. Rdh1 {[%clk 01:20:42]} 32... Rb3+ {[%clk
00:57:07] [%emt 00:00:36]} 33. Kf4 {[%clk 01:20:47] [%emt 00:00:25]} 33... Qxe2
{[%clk 00:57:18] [%emt 00:00:20]} 34. Ke5 {[%clk 01:20:57] [%emt 00:00:20]}
34... Rxf3 {[%clk 00:56:30] [%emt 00:01:17]} 35. R3h2 {[%clk 01:21:16] [%emt
00:00:12]} 35... Qxe4+ {[%clk 00:56:37] [%emt 00:00:21]} 36. Kd6 {[%clk
01:21:38] [%emt 00:00:09]} 36... Qf4+ {[%clk 00:56:34] [%emt 00:00:34]} 37. Kd7
{[%clk 01:21:10] [%emt 00:00:58]} 37... Rb3 {[%clk 00:56:43] [%emt 00:00:20]}
38. g5 {[%clk 01:21:04] [%emt 00:00:37]} 38... Rb7+ {[%clk 00:56:58] [%emt
00:00:15]} 39. Kxc6 {[%clk 01:21:20] [%emt 00:00:13]} 39... Qc7# {[%clk
00:56:40] [%emt 00:00:18]} 0-1

[Event "ODJM C 2023"]
[Site "Willingen GER"]
[Date "2023.05.28"]
[Round "1"]
[White "Kunst, Jannis"]
[Black "Eichmann, Phillip"]
[Result "1-0"]
[Termination "normal"]
[Board "2"]
[WhiteElo "1364"]
[BlackElo "1103"]
[WhiteClock "01:04:43"]
[BlackClock "01:07:58"]
[PlyCount "70"]
[WhiteFideId "16299710"]
[BlackFideId "34625119"]
[EventCountry "GER"]
[EventRounds "9"]
[EventType "swiss"]
[EventDate "2023.05.27"]

1. d4 {[%clk 01:30:58]} 1... d5 {[%clk 01:30:51] [%emt 00:00:10]} 2. c4 {[%clk
01:31:24] [%emt 00:00:04]} 2... e6 {[%clk 01:31:16] [%emt 00:00:05]} 3. Nc3
{[%clk 01:31:52] [%emt 00:00:03]} 3... Nf6 {[%clk 01:31:27] [%emt 00:00:18]} 4.
Bg5 {[%clk 01:32:19] [%emt 00:00:03]} 4... Nbd7 {[%clk 01:31:11] [%emt
00:00:47]} 5. Nf3 {[%clk 01:32:41] [%emt 00:00:08]} 5... Be7 {[%clk 01:31:19]
[%emt 00:00:20]} 6. e3 {[%clk 01:32:58] [%emt 00:00:14]} 6... b6 {[%clk
01:30:12] [%emt 00:01:38]} 7. Rc1 {[%clk 01:33:11] [%emt 00:00:17]} 7... Ba6
{[%clk 01:29:14] [%emt 00:01:28]} 8. b3 {[%clk 01:32:05] [%emt 00:01:35]} 8...
Bb7 {[%clk 01:28:11] [%emt 00:01:34]} 9. cxd5 {[%clk 01:31:17] [%emt 00:01:18]}
9... Nxd5 {[%clk 01:26:26] [%emt 00:02:14]} 10. Bxe7 {[%clk 01:30:23] [%emt
00:01:23]} 10... Qxe7 {[%clk 01:26:04] [%emt 00:00:53]} 11. Bd3 {[%clk
01:29:56] [%emt 00:00:56]} 11... Qb4 {[%clk 01:25:20] [%emt 00:01:15]} 12. Qc2
{[%clk 01:30:02] [%emt 00:00:23]} 12... N7f6 {[%clk 01:23:40] [%emt 00:02:11]}
13. O-O {[%clk 01:30:10] [%emt 00:00:23]} 13... Nxc3 {[%clk 01:23:25] [%emt
00:00:44]} 14. Qxc3 {[%clk 01:30:35] [%emt 00:00:05]} 14... Qxc3 {[%clk
01:23:42] [%emt 00:00:13]} 15. Rxc3 {[%clk 01:31:02] [%emt 00:00:04]} 15... Nd5
{[%clk 01:22:22] [%emt 00:01:50]} 16. Bb5+ {[%clk 01:26:10] [%emt 00:05:19]}
16... Ke7 {[%clk 01:20:21] [%emt 00:02:21]} 17. Rc4 {[%clk 01:26:35] [%emt
00:00:15]} 17... a6 {[%clk 01:20:21] [%emt 00:00:33]} 18. Bc6 {[%clk 01:26:31]
[%emt 00:00:31]} 18... Bxc6 {[%clk 01:18:48] [%emt 00:02:06]} 19. Rxc6 {[%clk
01:26:55] [%emt 00:00:06]} 19... Kd7 {[%clk 01:18:35] [%emt 00:00:42]} 20. Rfc1
{[%clk 01:26:13] [%emt 00:01:12]} 20... Rac8 {[%clk 01:17:50] [%emt 00:01:16]}
21. Ne5+ {[%clk 01:26:15] [%emt 00:00:27]} 21... Ke7 {[%clk 01:17:17] [%emt
00:00:59]} 22. a3 {[%clk 01:25:36] [%emt 00:01:14]} 22... f6 {[%clk 01:16:41]
[%emt 00:01:05]} 23. Nd3 {[%clk 01:24:34] [%emt 00:01:32]} 23... Kd7 {[%clk
01:15:28] [%emt 00:01:43]} 24. e4 {[%clk 01:22:59] [%emt 00:02:05]} 24... Ne7
{[%clk 01:15:44] [%emt 00:00:14]} 25. R6c3 {[%clk 01:22:31] [%emt 00:00:57]}
25... Rhd8 {[%clk 01:15:50] [%emt 00:00:24]} 26. Nf4 {[%clk 01:14:58] [%emt
00:08:03]} 26... g5 {[%clk 01:15:39] [%emt 00:00:42]} 27. Ne2 {[%clk 01:09:18]
[%emt 00:06:10]} 27... Ke8 {[%clk 01:15:44] [%emt 00:00:24]} 28. Rxc7 {[%clk
01:09:00] [%emt 00:00:49]} 28... Rb8 {[%clk 01:14:04] [%emt 00:02:10]} 29. f3
{[%clk 01:08:26] [%emt 00:01:02]} 29... h5 {[%clk 01:13:53] [%emt 00:00:42]}
30. Kf2 {[%clk 01:08:44] [%emt 00:00:13]} 30... Rd7 {[%clk 01:12:32] [%emt
00:01:51]} 31. Rxd7 {[%clk 01:08:51] [%emt 00:00:23]} 31... Kxd7 {[%clk
01:12:55] [%emt 00:00:07]} 32. Rc4 {[%clk 01:08:25] [%emt 00:00:55]} 32... Nc6
{[%clk 01:12:22] [%emt 00:01:05]} 33. b4 {[%clk 01:08:01] [%emt 00:00:52]}
33... Kd6 {[%clk 01:12:31] [%emt 00:00:21]} 34. Ke3 {[%clk 01:07:51] [%emt
00:00:38]} 34... Rc8 {[%clk 01:12:00] [%emt 00:01:03]} 35. Nc3 {[%clk 01:04:43]
[%emt 00:03:36]} 35... f5 {[%clk 01:07:58] [%emt 00:04:33]} 1-0

[Event "ODJM C 2023"]
[Site "Willingen GER"]
[Date "2023.05.28"]
[Round "1"]
[White "Gold, Finnja"]
[Black "Schwedhelm, Dennis"]
[Result "1-0"]
[Termination "normal"]
[Board "3"]
[WhiteElo "1103"]
[BlackElo "1373"]
[WhiteClock "00:09:21"]
[BlackClock "00:15:25"]
[PlyCount "121"]
[WhiteFideId "34660453"]
[BlackFideId "16228995"]
[EventCountry "GER"]
[EventRounds "9"]
[EventType "swiss"]
[EventDate "2023.05.27"]

1. e4 {[%clk 01:30:56] [%emt 00:00:03]} 1... d6 {[%clk 01:30:52] [%emt
00:00:08]} 2. Bc4 {[%clk 01:30:10] [%emt 00:01:16]} 2... g6 {[%clk 01:31:04]
[%emt 00:00:18]} 3. d4 {[%clk 01:28:52] [%emt 00:01:49]} 3... Bg7 {[%clk
01:30:57] [%emt 00:00:36]} 4. h3 {[%clk 01:22:58] [%emt 00:06:24]} 4... c6
{[%clk 01:29:26] [%emt 00:02:02]} 5. c3 {[%clk 01:14:17] [%emt 00:09:11]} 5...
b5 {[%clk 01:27:48] [%emt 00:02:08]} 6. Bb3 {[%clk 01:12:21] [%emt 00:02:26]}
6... Qc7 {[%clk 01:26:53] [%emt 00:01:24]} 7. Be3 {[%clk 01:07:23] [%emt
00:05:28]} 7... Nd7 {[%clk 01:25:20] [%emt 00:02:02]} 8. Nf3 {[%clk 00:56:57]
[%emt 00:10:57]} 8... a5 {[%clk 01:22:38] [%emt 00:03:13]} 9. a4 {[%clk
00:50:41] [%emt 00:06:46]} 9... b4 {[%clk 01:18:23] [%emt 00:04:44]} 10. Qd3
{[%clk 00:48:53] [%emt 00:02:18]} 10... Nb6 {[%clk 01:15:14] [%emt 00:03:39]}
11. Nbd2 {[%clk 00:45:32] [%emt 00:03:51]} 11... Ba6 {[%clk 01:13:27] [%emt
00:02:17]} 12. Qc2 {[%clk 00:43:06] [%emt 00:02:56]} 12... c5 {[%clk 01:09:54]
[%emt 00:04:03]} 13. cxb4 {[%clk 00:37:01] [%emt 00:06:36]} 13... axb4 {[%clk
01:04:54] [%emt 00:05:30]} 14. dxc5 {[%clk 00:35:35] [%emt 00:01:56]} 14...
dxc5 {[%clk 01:02:38] [%emt 00:02:46]} 15. Bxc5 {[%clk 00:28:19] [%emt
00:07:46]} 15... Rc8 {[%clk 01:01:52] [%emt 00:01:15]} 16. Rc1 {[%clk 00:27:19]
[%emt 00:01:30]} 16... Qd8 {[%clk 00:56:21] [%emt 00:06:01]} 17. Qb1 {[%clk
00:16:28] [%emt 00:11:22]} 17... Bd3 {[%clk 00:53:38] [%emt 00:03:12]} 18. Bc2
{[%clk 00:15:33] [%emt 00:01:25]} 18... Rxc5 {[%clk 00:51:53] [%emt 00:02:15]}
19. Bxd3 {[%clk 00:13:30] [%emt 00:02:34]} 19... Rxc1+ {[%clk 00:46:33] [%emt
00:05:50]} 20. Qxc1 {[%clk 00:13:50] [%emt 00:00:09]} 20... Qxd3 {[%clk
00:46:55] [%emt 00:00:08]} 21. Qc6+ {[%clk 00:13:55] [%emt 00:00:26]} 21... Qd7
{[%clk 00:46:21] [%emt 00:01:03]} 22. Qxb6 {[%clk 00:13:58] [%emt 00:00:28]}
22... Bxb2 {[%clk 00:44:56] [%emt 00:01:54]} 23. Qb8+ {[%clk 00:13:26] [%emt
00:01:03]} 23... Qd8 {[%clk 00:45:15] [%emt 00:00:11]} 24. Qxb4 {[%clk
00:13:23] [%emt 00:00:32]} 24... Bg7 {[%clk 00:45:06] [%emt 00:00:39]} 25. O-O
{[%clk 00:13:28] [%emt 00:00:25]} 25... Nf6 {[%clk 00:44:31] [%emt 00:01:05]}
26. a5 {[%clk 00:13:38] [%emt 00:00:21]} 26... O-O {[%clk 00:44:41] [%emt
00:00:20]} 27. a6 {[%clk 00:13:35] [%emt 00:00:34]} 27... e6 {[%clk 00:44:07]
[%emt 00:01:02]} 28. Qb7 {[%clk 00:12:37] [%emt 00:01:28]} 28... Qa8 {[%clk
00:43:51] [%emt 00:00:47]} 29. e5 {[%clk 00:08:54] [%emt 00:04:13]} 29... Nd5
{[%clk 00:42:49] [%emt 00:01:30]} 30. Nc4 {[%emt 00:01:56]} 30... Rb8 {[%clk
00:42:07]} 31. Qxa8 {[%clk 00:08:53] [%emt 00:00:19]} 31... Rxa8 {[%clk
00:42:24] [%emt 00:00:13]} 32. Ra1 {[%clk 00:09:09] [%emt 00:00:14]} 32... Ra7
{[%clk 00:42:12] [%emt 00:00:42]} 33. Nd6 {[%clk 00:09:01] [%emt 00:00:37]}
33... Nc7 {[%clk 00:40:59] [%emt 00:01:43]} 34. Kf1 {[%clk 00:08:59] [%emt
00:00:32]} 34... Rxa6 {[%clk 00:40:58] [%emt 00:00:31]} 35. Rxa6 {[%clk
00:09:22] [%emt 00:00:07]} 35... Nxa6 {[%clk 00:41:18] [%emt 00:00:10]} 36. Ke2
{[%clk 00:09:44] [%emt 00:00:08]} 36... Nc5 {[%clk 00:40:55] [%emt 00:00:53]}
37. Ke3 {[%clk 00:09:34] [%emt 00:00:40]} 37... Kf8 {[%clk 00:39:28] [%emt
00:01:57]} 38. Kd4 {[%emt 00:02:52]} 38... Nd7 {[%clk 00:37:46]} 39. g4 {[%clk
00:09:05] [%emt 00:00:50]} 39... Ke7 {[%clk 00:35:03] [%emt 00:03:12]} 40. Nc4
{[%clk 00:09:06] [%emt 00:00:29]} 40... h6 {[%clk 00:32:55] [%emt 00:02:39]}
41. h4 {[%clk 00:08:52] [%emt 00:00:44]} 41... f6 {[%clk 00:32:39] [%emt
00:00:46]} 42. exf6+ {[%clk 00:08:47] [%emt 00:00:35]} 42... Nxf6 {[%clk
00:32:07] [%emt 00:01:02]} 43. g5 {[%clk 00:08:01] [%emt 00:01:15]} 43... Ng4+
{[%clk 00:32:18] [%emt 00:00:19]} 44. Nfe5 {[%clk 00:07:57] [%emt 00:00:34]}
44... Nxf2 {[%clk 00:30:16] [%emt 00:02:32]} 45. gxh6 {[%clk 00:08:14] [%emt
00:00:13]} 45... Bh8 {[%clk 00:27:21] [%emt 00:03:26]} 46. Ke3 {[%clk 00:08:29]
[%emt 00:00:15]} 46... Nh3 {[%clk 00:25:20] [%emt 00:02:31]} 47. Nxg6+ {[%clk
00:08:15] [%emt 00:00:45]} 47... Kf6 {[%clk 00:23:15] [%emt 00:02:33]} 48. Nxh8
{[%clk 00:08:27] [%emt 00:00:19]} 48... e5 {[%clk 00:22:50] [%emt 00:00:55]}
49. Ke4 {[%clk 00:08:23] [%emt 00:00:34]} 49... Nf4 {[%clk 00:18:59] [%emt
00:04:21]} 50. Nxe5 {[%clk 00:08:35] [%emt 00:00:18]} 50... Ne6 {[%clk
00:17:35] [%emt 00:01:53]} 51. Nhf7 {[%clk 00:08:43] [%emt 00:00:23]} 51... Nf8
{[%clk 00:17:00] [%emt 00:01:05]} 52. Kf4 {[%clk 00:08:45] [%emt 00:00:28]}
52... Nh7 {[%clk 00:16:30] [%emt 00:00:59]} 53. Ng5 {[%clk 00:08:39] [%emt
00:00:38]} 53... Nf8 {[%clk 00:15:31] [%emt 00:01:28]} 54. h7 {[%clk 00:08:25]
[%emt 00:00:44]} 54... Kg7 {[%clk 00:15:06] [%emt 00:00:56]} 55. Kf5 {[%clk
00:07:58] [%emt 00:00:57]} 55... Nxh7 {[%clk 00:14:52] [%emt 00:00:43]} 56.
Nxh7 {[%clk 00:08:16] [%emt 00:00:11]} 56... Kxh7 {[%clk 00:15:14] [%emt
00:00:08]} 57. Kg5 {[%clk 00:08:40] [%emt 00:00:08]} 57... Kg7 {[%emt
00:00:13]} 58. h5 {[%emt 00:00:08]} 58... Kh7 {[%clk 00:15:08] [%emt 00:00:14]}
59. h6 {[%clk 00:09:02] [%emt 00:00:07]} 59... Kg8 {[%clk 00:15:25] [%emt
00:00:13]} 60. Kg6 {[%clk 00:09:21] [%emt 00:00:12]} 60... Kh8 {[%emt
00:00:12]} 61. Nf7+ {[%clk 00:09:21] [%emt 00:00:23]} 1-0

[Event "ODJM C 2023"]
[Site "Willingen GER"]
[Date "2023.05.28"]
[Round "1"]
[White "Sauer, Ben"]
[Black "Blome, Antonia"]
[Result "1-0"]
[Termination "normal"]
[Board "4"]
[WhiteElo "1340"]
[BlackElo "1099"]
[WhiteClock "01:04:48"]
[BlackClock "01:10:19"]
[PlyCount "73"]
[WhiteFideId "34606866"]
[BlackFideId "34630090"]
[EventCountry "GER"]
[EventRounds "9"]
[EventType "swiss"]
[EventDate "2023.05.27"]

1. e4 {[%clk 01:30:58]} 1... e5 {[%clk 01:30:58] [%emt 00:00:03]} 2. Nf3 {[%clk
01:31:21] [%emt 00:00:07]} 2... Nc6 {[%clk 01:31:16] [%emt 00:00:12]} 3. Bc4
{[%clk 01:31:39] [%emt 00:00:12]} 3... Bc5 {[%clk 01:31:38] [%emt 00:00:09]} 4.
c3 {[%clk 01:32:00] [%emt 00:00:08]} 4... Nf6 {[%clk 01:31:49] [%emt 00:00:19]}
5. d3 {[%clk 01:32:18] [%emt 00:00:12]} 5... h6 {[%clk 01:31:48] [%emt
00:00:31]} 6. Nbd2 {[%clk 01:32:31] [%emt 00:00:18]} 6... d6 {[%clk 01:31:49]
[%emt 00:00:30]} 7. Bb3 {[%clk 01:32:35] [%emt 00:00:26]} 7... Be6 {[%clk
01:31:17] [%emt 00:01:01]} 8. Bc2 {[%clk 01:32:52] [%emt 00:00:13]} 8... Qd7
{[%clk 01:30:49] [%emt 00:00:58]} 9. b4 {[%clk 01:32:34] [%emt 00:00:48]} 9...
Bb6 {[%clk 01:31:07] [%emt 00:00:12]} 10. a4 {[%clk 01:32:10] [%emt 00:00:55]}
10... a6 {[%clk 01:30:15] [%emt 00:01:22]} 11. Bb2 {[%clk 01:30:31] [%emt
00:02:09]} 11... O-O {[%clk 01:26:58] [%emt 00:03:46]} 12. O-O {[%clk 01:29:51]
[%emt 00:01:10]} 12... Bg4 {[%clk 01:27:05] [%emt 00:00:23]} 13. Re1 {[%clk
01:29:20] [%emt 00:01:01]} 13... Rfe8 {[%clk 01:27:14] [%emt 00:00:20]} 14. Nf1
{[%clk 01:28:38] [%emt 00:01:13]} 14... Bxf3 {[%clk 01:22:54] [%emt 00:04:50]}
15. Qxf3 {[%clk 01:28:43] [%emt 00:00:25]} 15... Qg4 {[%clk 01:23:13] [%emt
00:00:10]} 16. Qg3 {[%clk 01:27:05] [%emt 00:02:09]} 16... Qxg3 {[%clk
01:21:29] [%emt 00:02:13]} 17. Nxg3 {[%clk 01:27:25] [%emt 00:00:11]} 17... d5
{[%clk 01:21:37] [%emt 00:00:22]} 18. Rad1 {[%clk 01:25:35] [%emt 00:02:20]}
18... d4 {[%clk 01:19:24] [%emt 00:02:42]} 19. h3 {[%clk 01:12:54] [%emt
00:13:12]} 19... Rad8 {[%clk 01:19:07] [%emt 00:00:46]} 20. b5 {[%clk 01:11:44]
[%emt 00:01:42]} 20... axb5 {[%clk 01:19:31] [%emt 00:00:06]} 21. axb5 {[%clk
01:11:38] [%emt 00:00:35]} 21... dxc3 {[%clk 01:18:56] [%emt 00:01:05]} 22.
Bxc3 {[%clk 01:11:18] [%emt 00:00:51]} 22... Nd4 {[%clk 01:19:13] [%emt
00:00:13]} 23. Bxd4 {[%clk 01:11:19] [%emt 00:00:28]} 23... Bxd4 {[%clk
01:19:25] [%emt 00:00:19]} 24. Bb3 {[%clk 01:10:46] [%emt 00:01:03]} 24... Re7
{[%clk 01:18:49] [%emt 00:01:01]} 25. Nf5 {[%clk 01:10:25] [%emt 00:00:56]}
25... Red7 {[%clk 01:18:51] [%emt 00:00:25]} 26. Bc4 {[%clk 01:10:27] [%emt
00:00:30]} 26... c6 {[%clk 01:17:47] [%emt 00:01:35]} 27. bxc6 {[%clk 01:10:30]
[%emt 00:00:26]} 27... bxc6 {[%clk 01:18:01] [%emt 00:00:16]} 28. Rc1 {[%clk
01:08:33] [%emt 00:02:28]} 28... c5 {[%clk 01:18:06] [%emt 00:00:25]} 29. Rb1
{[%clk 01:07:56] [%emt 00:01:06]} 29... h5 {[%clk 01:16:51] [%emt 00:01:44]}
30. Rb6 {[%clk 01:06:44] [%emt 00:01:43]} 30... Bc3 {[%clk 01:16:19] [%emt
00:01:00]} 31. Re3 {[%clk 01:06:12] [%emt 00:01:04]} 31... Ne8 {[%clk 01:15:45]
[%emt 00:00:51]} 32. Rg3 {[%clk 01:05:18] [%emt 00:01:37]} 32... g6 {[%clk
01:16:04] [%emt 00:00:11]} 33. Rgxg6+ {[%clk 01:04:54] [%emt 00:00:54]} 33...
Kf8 {[%clk 01:14:19] [%emt 00:02:11]} 34. Rh6 {[%clk 01:04:40] [%emt 00:00:48]}
34... Kg8 {[%clk 01:09:57] [%emt 00:04:53]} 35. Rbg6+ {[%clk 01:04:52] [%emt
00:00:18]} 35... Ng7 {[%clk 01:09:56] [%emt 00:00:31]} 36. Rxg7+ {[%clk
01:05:09] [%emt 00:00:12]} 36... Kf8 {[%clk 01:10:19] [%emt 00:00:06]} 37. Rh8#
{[%clk 01:04:48] [%emt 00:00:20]} 1-0

[Event "ODJM C 2023"]
[Site "Willingen GER"]
[Date "2023.05.28"]
[Round "1"]
[White "Tarasenko, Ruslan"]
[Black "Weidenhöfer, Ben"]
[Result "0-1"]
[Termination "normal"]
[Board "5"]
[WhiteElo "1087"]
[BlackElo "1180"]
[WhiteClock "01:00:59"]
[BlackClock "00:53:37"]
[PlyCount "34"]
[WhiteFideId "34166343"]
[BlackFideId "16273702"]
[EventCountry "GER"]
[EventRounds "9"]
[EventType "swiss"]
[EventDate "2023.05.27"]

1. e4 {[%clk 01:30:49] [%emt 00:00:10]} 1... c6 {[%clk 01:30:45] [%emt
00:00:15]} 2. d4 {[%clk 01:25:44] [%emt 00:05:35]} 2... d5 {[%clk 01:30:53]
[%emt 00:00:22]} 3. e5 {[%clk 01:24:10] [%emt 00:02:04]} 3... Bf5 {[%clk
01:30:32] [%emt 00:00:51]} 4. Be3 {[%clk 01:19:35] [%emt 00:05:05]} 4... e6
{[%clk 01:27:50] [%emt 00:03:19]} 5. Nd2 {[%clk 01:10:52] [%emt 00:09:06]} 5...
Qb6 {[%clk 01:24:22] [%emt 00:03:58]} 6. b3 {[%emt 00:07:36]} 6... c5 {[%clk
01:18:07] [%emt 00:02:29]} 7. Ngf3 {[%clk 01:05:44] [%emt 00:02:46]} 7... Nc6
{[%clk 01:10:37] [%emt 00:08:01]} 8. Qe2 {[%clk 01:04:21] [%emt 00:01:53]} 8...
cxd4 {[%clk 01:05:42] [%emt 00:05:26]} 9. Nxd4 {[%clk 01:04:41] [%emt
00:00:09]} 9... Nxd4 {[%emt 00:03:07]} 10. Qb5+ {[%clk 01:04:41] [%emt
00:00:17]} 10... Qxb5 {[%clk 01:00:26] [%emt 00:03:22]} 11. Bxb5+ {[%clk
01:04:33] [%emt 00:00:38]} 11... Nxb5 {[%clk 01:00:31] [%emt 00:00:25]} 12. c4
{[%clk 01:02:50] [%emt 00:02:14]} 12... Na3 {[%clk 00:58:44] [%emt 00:02:17]}
13. Rc1 {[%clk 01:01:59] [%emt 00:01:20]} 13... Nc2+ {[%clk 00:58:06] [%emt
00:01:08]} 14. Ke2 {[%clk 01:01:54] [%emt 00:01:21]} 14... d4 {[%clk 00:53:29]
[%emt 00:05:21]} 15. Bf4 {[%clk 01:01:55] [%emt 00:00:29]} 15... d3+ {[%clk
00:53:33] [%emt 00:00:26]} 16. Kd1 {[%clk 01:00:46] [%emt 00:03:44]} 16... Ba3
{[%clk 00:54:13] [%emt 00:01:35]} 17. Rb1 {[%clk 01:00:59] [%emt 00:00:17]}
17... f6 {[%clk 00:53:37] [%emt 00:01:04]} 0-1